Valuación de inversiones y estados consolidados
Uloženo v:
| Hlavní autoři: | , |
|---|---|
| Médium: | Kniha |
| Jazyk: | španělština |
| Vydáno: |
Santiago
SOELCO
1993
|
| Vydání: | 4a. ed |
| Témata: | |
| Tagy: |
Přidat tag
Žádné tagy, Buďte první, kdo vytvoří štítek k tomuto záznamu!
|
MARC
| LEADER | 00000nam a2200000 a 4500 | ||
|---|---|---|---|
| 001 | UCT0870 | ||
| 003 | CL-VaPUC | ||
| 008 | 960913e19930000CL |||||||||||||||||spa|d | ||
| 082 | 0 | 4 | |a 657.3 |b BOS |2 21 |
| 100 | 0 | |a Bosch Bousquet, Julio |e author |9 369420 | |
| 700 | 0 | |a Vargas Valdivia, Luis |e author |9 369421 | |
| 245 | 1 | 0 | |a Valuación de inversiones y estados consolidados |
| 250 | |a 4a. ed | ||
| 300 | |a 148 p | ||
| 942 | |c BK | ||
| 945 | |d 19960913 00:00:00 |a nastorga | ||
| 260 | |a Santiago |b SOELCO |c 1993 | ||
| 650 | 0 | |a Inversiones |9 261520 | |
| 650 | 0 | |a Contabilidad |9 261430 | |
| 650 | 7 | |a NORMAS |2 CL-VaPUC |9 259606 | |
| 650 | 7 | |a ESTADOS FINANCIEROS |2 CL-VaPUC |9 369422 | |
| 650 | 0 | |a Administración financiera |9 261146 | |
| 650 | 0 | |a Estados de cuentas |9 352305 | |
| 583 | |a last modification |c 19960913 00:00:00 |k Rodrigo Vera | ||
| 999 | |c 251562 |d 251560 | ||
| 952 | |0 0 |1 0 |4 0 |6 657_300000000000000_BOS_1993 |7 0 |8 A |9 270822 |a BIBGIM |b BIBGIM |d 2019-11-19 |i 3229610 |o 657.3 BOS 1993 |p 3229610 |r 2025-01-15 |w 2019-11-19 |y BK |k COM | ||